000 00402nam a22001697a 4500
003 OSt
008 201117b ||||| |||| 00| 0 eng d
020 _a9789352807383
100 _aRAMASWAMEY, V. S.
245 _aMarketing Management
250 _a6 ed
260 _aNew Delhi
_bSage Publications
_c2018
300 _a798
650 _aB.Com. Hons
700 _aNAMANKUMARI, S.
942 _2ddc
_cBK
999 _c9132
_d9132